Costa Rica: Apuntes económicos

Gardado en:
Detalles Bibliográficos
Autor Corporativo: Banco Central de Costa Rica. División de Asuntos Económicos
Formato: Texto
Publicado: San José: BCCR
Materias:
Etiquetas: Engadir etiqueta
Sen Etiquetas, Sexa o primeiro en etiquetar este rexistro!

MARC

LEADER 00000 a a2200000 04500
001 15585
003
040
090 |a 007800  
110 |a Banco Central de Costa Rica. División de Asuntos Económicos  
245 |a Costa Rica: Apuntes económicos  
260 |a San José:   |b BCCR  
300 |a 14 p.  
650 |a CONDICIONES ECONOMICAS  
999 |c 6610  |d 6610